000 00786nam a2200241Ia 4500
003 OSt
005 20220824152320.0
008 210716s2004 xx 000 0 und d
020 _a0070589488
040 _cAIMIT LIBRARY
041 _aeng
082 _a574
_21
_bBERR
100 _aBernstein, Ruth.
_955425
245 _aSchaums solved problems series:
_b3000 solved problems in biology /
_cBy Ruth Bernstein and Stephen Bernstein.
250 _a1st ed.
260 _aNew Delhi :
_bTata McGraw Hill Publishing Company Ltd ,
_c2004.
300 _aix,406p. ;
_c27 cm.
650 _aAtoms bonds and molecules
_955426
650 _aCell structure and function
_955427
650 _aMolecular genetics
_955428
700 _aBernstein, Stephen
_955429
942 _2ddc
_cBK
_e1st
_k574 BERR
999 _c187293
_d187293